| 000 | 01214nam a22002057a 4500 | ||
|---|---|---|---|
| 999 |
_c184663 _d184663 |
||
| 005 | 20220526123033.0 | ||
| 010 | _aB-744688 HIN-21-22 | ||
| 020 |
_a9789354868955 _c250.00 |
||
| 035 | _aB-744688 | ||
| 037 |
_bडायमंड बुक्स _a |
||
| 082 | _aक | ||
| 245 |
_a21(इक्कीस) श्रेष्ठ युवामन की कहानियांः _bहरियाणा / _cअमित मनोज द्वारा संपादित |
||
| 260 |
_bडायमंड बुक्स _aनई दिल्ली _c2022 |
||
| 270 |
_aX-30, ओखला इंडस्ट्रियल एरिया , फेज -II, _bनई दिल्ली _e110020 _k011-40712200 _mebooks@dpb.in |
||
| 300 |
_a281पृ. _c22 सेमी(अजिल्द) |
||
| 500 | _aभारत कथा माला | ||
| 700 | _aअमित मनोज | ||
| 942 |
_2ddc _cHN _mइक्कीस _hक |
||